Sports Quiz

Random Sports or NFL Quiz

NFL 1000 Yard Rushers (2000s) Quiz Stats

 Plays Quiz Updated Feb 7, 2018

Score 0/178 Timer 08:00
22 Plays Today
Team/Year Player % Correct
TEN/2009Chris Johnson
96.7%
TEN/2008Chris Johnson
96.7%
KC/2006Larry Johnson
95.7%
KC/2005Larry Johnson
95.7%
MIN/2008Adrian Peterson
95.3%
MIN/2007Adrian Peterson
95.3%
SD/2006LaDainian Tomlinson
94.9%
SD/2002LaDainian Tomlinson
94.9%
SD/2003LaDainian Tomlinson
94.9%
SD/2007LaDainian Tomlinson
94.9%
SD/2005LaDainian Tomlinson
94.9%
SD/2004LaDainian Tomlinson
94.9%
SD/2001LaDainian Tomlinson
94.9%
SD/2008LaDainian Tomlinson
94.9%
MIN/2009Adrian Peterson
94.8%
CIN/2005Rudi Johnson
94.6%
CIN/2004Rudi Johnson
94.6%
CIN/2006Rudi Johnson
94.6%
MIA/2002Ricky Williams
92%
MIA/2003Ricky Williams
92%
NO/2001Ricky Williams
92%
NO/2000Ricky Williams
92%
CAR/2008DeAngelo Williams
91.5%
TB/2005Cadillac Williams
90.7%
MIA/2009Ricky Williams
90.6%
HOU/2003Domanick Williams
90.4%
HOU/2004Domanick Williams
90.4%
CAR/2009DeAngelo Williams
90%
SEA/2005Shaun Alexander
89.9%
SEA/2004Shaun Alexander
89.9%
SEA/2003Shaun Alexander
89.9%
SEA/2001Shaun Alexander
89.9%
SEA/2002Shaun Alexander
89.9%
SF/2006Frank Gore
89.7%
SF/2007Frank Gore
89.7%
SF/2008Frank Gore
89.7%
NYG/2005Tiki Barber
88.2%
NYG/2006Tiki Barber
88.2%
BAL/2003Jamal Lewis
88.2%
NYG/2004Tiki Barber
88.2%
NYG/2002Tiki Barber
88.2%
BAL/2000Jamal Lewis
88.2%
NYG/2003Tiki Barber
88.2%
NYG/2000Tiki Barber
88.2%
SF/2009Frank Gore
88.2%
BAL/2002Jamal Lewis
88.2%
CLE/2007Jamal Lewis
88.2%
BAL/2004Jamal Lewis
88.2%
BAL/2006Jamal Lewis
88.2%
CLE/2008Jamal Lewis
88.2%
CHI/2005Thomas Jones
87.9%
NYJ/2008Thomas Jones
87.9%
CHI/2006Thomas Jones
87.9%
NYJ/2007Thomas Jones
87.9%
DAL/2006Julius Jones
87.6%
DET/2004Kevin Jones
87.5%
NYJ/2009Thomas Jones
86.7%
STL/2006Steven Jackson
86.7%
STL/2005Steven Jackson
86.7%
STL/2008Steven Jackson
86.7%
Team/Year Player % Correct
STL/2009Steven Jackson
86.7%
STL/2007Steven Jackson
86.7%
IND/2000Edgerrin James
85.1%
IND/2004Edgerrin James
85.1%
IND/2005Edgerrin James
85.1%
IND/2003Edgerrin James
85.1%
ARZ/2007Edgerrin James
85.1%
ARZ/2006Edgerrin James
85.1%
BUF/2009Fred Jackson
84.5%
GB/2003Ahman Green
83.8%
GB/2001Ahman Green
83.8%
GB/2002Ahman Green
83.8%
GB/2000Ahman Green
83.8%
GB/2004Ahman Green
83.8%
GB/2006Ahman Green
83.8%
PIT/2000Jerome Bettis
81.9%
PIT/2001Jerome Bettis
81.9%
DEN/2003Clinton Portis
81%
WAS/2005Clinton Portis
81%
DEN/2002Clinton Portis
81%
WAS/2008Clinton Portis
81%
WAS/2004Clinton Portis
81%
WAS/2007Clinton Portis
81%
ATL/2008Michael Turner
79.5%
STL/2001Marshall Faulk
79.4%
STL/2000Marshall Faulk
79.4%
KC/2002Priest Holmes
79.1%
KC/2001Priest Holmes
79.1%
KC/2003Priest Holmes
79.1%
DAL/2000Emmitt Smith
78%
DAL/2001Emmitt Smith
78%
MIN/2000Robert Smith
77.8%
JAX/2009Maurice Jones-Drew
77.6%
MIA/2000Lamar Smith
77.5%
NE/2001Antowain Smith
77.5%
BAL/2009Ray Rice
76.3%
NYJ/2004Curtis Martin
75.8%
NYJ/2001Curtis Martin
75.8%
NYJ/2003Curtis Martin
75.8%
NYJ/2000Curtis Martin
75.8%
NYJ/2002Curtis Martin
75.8%
JAX/2003Fred Taylor
74.9%
JAX/2000Fred Taylor
74.9%
JAX/2002Fred Taylor
74.9%
JAX/2004Fred Taylor
74.9%
JAX/2006Fred Taylor
74.9%
JAX/2007Fred Taylor
74.9%
PHI/2007Brian Westbrook
74.5%
PHI/2006Brian Westbrook
74.5%
MIN/2006Chester Taylor
74.1%
PIT/2006Willie Parker
70%
PIT/2007Willie Parker
70%
PIT/2005Willie Parker
70%
CAR/2003Stephen Davis
68.7%
WAS/2001Stephen Davis
68.7%
WAS/2000Stephen Davis
68.7%
NE/2004Corey Dillon
68.5%
CIN/2000Corey Dillon
68.5%
CIN/2001Corey Dillon
68.5%
CIN/2002Corey Dillon
68.5%
Team/Year Player % Correct
NYG/2008Brandon Jacobs
68.2%
NYG/2007Brandon Jacobs
68.2%
TEN/2000Eddie George
67.6%
TEN/2002Eddie George
67.6%
TEN/2003Eddie George
67.6%
IND/2006Joseph Addai
66.4%
IND/2007Joseph Addai
66.4%
ATL/2005Warrick Dunn
64.6%
TB/2000Warrick Dunn
64.6%
ATL/2004Warrick Dunn
64.6%
ATL/2006Warrick Dunn
64.6%
NO/2003Deuce McAllister
64.6%
NO/2002Deuce McAllister
64.6%
NO/2004Deuce McAllister
64.6%
NO/2006Deuce McAllister
64.6%
BUF/2007Marshawn Lynch
62.6%
BUF/2008Marshawn Lynch
62.6%
MIA/2006Ronnie Brown
62%
TEN/2004Chris Brown
61.2%
CHI/2008Matt Forte
61%
GB/2008Ryan Grant
60.5%
PIT/2009Rashard Mendenhall
60.1%
BUF/2005Willis McGahee
60%
BAL/2007Willis McGahee
60%
BUF/2004Willis McGahee
60%
CAR/2009Jonathan Stewart
59.9%
DET/2002James Stewart
59.7%
DET/2000James Stewart
59.7%
GB/2009Ryan Grant
59.4%
KC/2009Jamaal Charles
59.1%
CIN/2009Cedric Benson
58%
TEN/2007LenDale White
50.9%
CHI/2001Anthony Thomas
50.7%
CHI/2003Anthony Thomas
50.7%
DEN/2000Mike Anderson
49.9%
DEN/2005Mike Anderson
49.9%
ATL/2000Jamal Anderson
49.9%
HOU/2008Steve Slaton
49.4%
ATL/2006Michael Vick
48.9%
DEN/2006Tatum Bell
38.2%
NYG/2008Derrick Ward
37.1%
SF/2001Garrison Hearst
35.7%
BUF/2002Travis Henry
35.1%
BUF/2003Travis Henry
35.1%
TEN/2006Travis Henry
35.1%
OAK/2007Justin Fargas
30.4%
PHI/2002Duce Staley
29.9%
SEA/2000Ricky Watters
29.1%
IND/2001Dominic Rhodes
28.3%
WAS/2006Ladell Betts
26.2%
DEN/2004Reuben Droughns
24.6%
CLE/2005Reuben Droughns
24.6%
MIN/2002Michael Bennett
21.8%
SF/2000Charlie Garner
20.1%
OAK/2005LaMont Jordan
17.6%
CHI/2000James Allen
16%
SF/2003Kevan Barlow
14.1%
OAK/2000Tyrone Wheatley
14.1%

You're not logged in!

Compare scores with friends on all Sporcle quizzes.
OR
Log In

You Might Also Like...

Show Comments

Extras

Top Quizzes Today


Score Distribution

Your Account Isn't Verified!

In order to create a playlist on Sporcle, you need to verify the email address you used during registration. Go to your Sporcle Settings to finish the process.

Report this User

Report this user for behavior that violates our Community Guidelines.

Details: